000 00381nam a22001217a 4500
999 _c519291
_d519291
082 _aPKP A72 V212/Ind/Pt-2
100 _aRavi and Vajiram
_930109
245 _aGeneral studies Indian polity part-2
_cby Ravi and Vajiram
260 _aNew Delhi
_bRavi and Vajiram
_c2022
300 _a260p.
650 _aGeneral studies
_930110
650 _aIndia - Politics and government
_930111